Stylus Curialis in Correspondentiis Observandus pro Usu P. Secretarii Ordinis S Francisci Provinciae Marianae conscriptus 1842

Kuriálny štýl používaný v korešpondencii; napísané pre potrebu tajomníka Mariánskej uhorskej františkánskej provincie. Filozofické a teologické štúdiá v školskom roku 1841/1842 v kláštoroch Mariánskej provincie, náklady františkánskych kláštorov Mariánskej provincie roku 1846, zmeny osobného stavu f...

Full description

Bibliographic Details
Format: Manuscript Book
Language:Latin
Hungarian
PhysicalDescription:59 nečíslovaných strán, 41 voľných listov rukopis (orig., odpis), viazaný 44 cm
Published: Posonii Malaczkae Budapest 1842-1897
Subjects:

MARC

LEADER 00000ctmaa2200000 a 4500
001 vtls011706028
003 SK-MaSNL
005 20260301141721.0
008 230802i1842 xo || 000 0 lat
035 |a urn:nbn:sk:snk-tm00cc2v 
035 |a urn:nbn:sk:snk-tm3n2gv 
035 |a F923C8E7-5D7C-4469-BFD5-666D50512C08 
040 |a SNKLA  |b slo  |c SNKLA  |e AACR2 
041 0 |a lat  |a hun 
044 |a xo  |c SK  |a hun  |c HU 
072 7 |a 27-78  |x Kresťanské združenia, spolky a organizácie. Rehoľné rády  |2 konspekt 
080 |a 27-789.32  |2 2011 
080 |a 2-11  |2 2011 
080 |a (0.02/.08:27-72)  |2 2011 
080 |a 025.171  |2 2011 
080 |a 943.76  |2 2011 
080 |a 025.15  |2 2011 
245 0 0 |a Stylus Curialis in Correspondentiis Observandus pro Usu P. Secretarii Ordinis S Francisci Provinciae Marianae conscriptus 1842 
260 |a Posonii  |a Malaczkae  |a Budapest  |c 1842-1897 
300 |a 59 nečíslovaných strán, 41 voľných listov  |b rukopis (orig., odpis), viazaný  |c 44 cm 
500 |a Rukopis obsahuje papierové reliéfy pečatí 
500 |a V zadnej časti knihy vystrihnuté štyri listy 
500 |a Titul na štítku prednej dosky 
520 2 |a Kuriálny štýl používaný v korešpondencii; napísané pre potrebu tajomníka Mariánskej uhorskej františkánskej provincie. Filozofické a teologické štúdiá v školskom roku 1841/1842 v kláštoroch Mariánskej provincie, náklady františkánskych kláštorov Mariánskej provincie roku 1846, zmeny osobného stavu františkánov Mariánskej provincie roku 1841, stav Mariánskej františkánskej provincie v 19 konventoch a jednej rezidencii rokoch 1840-1841, hlásenie o profesoroch na teologických štúdiách františkánskej Mariánskej provincie v školskom roku 1841/1842, stav bratislavského konventu roku 1836 - veci zaobstarané do knižnice, kostola a sakristie, ročné hlásenie Mariánskej provincie o stave provincie roku 1897 a iné 
546 |a Napísané latinsky, čiastočne maďarsky 
555 0 |a Inventár rukopisov Archívu literatúry a umenia Matice slovenskej. Rukopisy historických knižníc na Slovensku I. Martin: Matica slovenská 1992 
610 2 7 |a Františkáni (Bratislava, Slovensko)  |b Mariánska provincia  |2 SNKLA  |9 50541 
610 2 7 |a Františkáni  |2 SNKKA  |9 174796 
650 0 7 |a teologické školy  |2 SNKPH  |9 81400 
650 0 7 |a františkánske kláštory  |2 SNKPH  |9 81485 
655 7 |a cirkevné dokumenty  |2 SNKPH  |9 179657 
655 7 |a rukopisy  |2 SNKPH  |9 70548 
655 7 |a korešpondencia  |2 SNKPH  |9 60843 
752 |a Slovensko  |d Bratislava 
752 |a Slovensko  |d Malacky 
852 |a Slovenská národná knižnica  |b Literárny archív 
958 |a ZH 
958 |a LAVD 
999 |c 768043  |d 769973 
952 |a SNKLA  |b SNKLA  |c SNKLA_DEP  |y NEVYP  |7 0  |p 17A1226128  |o snkRHKS 733  |0 0  |1 0  |4 0  |d 2017-08-08  |f 1  |l 0  |r 2026-02-24 00:25:30  |w 2026-02-24